000 00767nam a2200229Ia 4500
005 20241129111201.0
008 241129s9999||||xx |||||||||||||| ||und||
020 _a978-1-032-11463-7
037 _aTB
040 _aCRL
_beng
_cCRL
041 _aeng
_2eng
084 _aY771:(L) R3
_qCRL
100 _aDierinck Peter Au.
_9723566
245 0 _aCommunity based mental helathcare for psychosis: from homelessness to recovery and continued in home support
_cDierinck Peter Au.
260 _aLondon, UK
_bRoutledge
_c2023
300 _av,192p.
365 _aUKP
_b29.99
490 _aInternational society for psychological and social approachesto psychosis book series
650 _aSociology
942 _cTB
_hY771:(L) R3
999 _c1229298
_d1229298